000 00755nam a2200253Ia 4500
001 20728
003 DO-CoUTE
005 20260204212602.0
008 220104s9999 dr 000 0 spa d
020 _a978-958-9244-17-3
040 _aDO-CoUTE
_bspa
_cDO-CoUTE
041 0 _aspa
082 _a635.646 AR661c
100 1 _aAraméndez Tatis, Hermes
245 1 0 _aEl cultivo de la berenjena ( Solanum Meongena L) / Hermes Araméndez Tatis y otros tres
260 _aCordoba, Colombia : Produmedios
300 _a151 páginas
650 4 _aCordoba Ayala, Carlos
700 1 _aEspitia Camacho, Miguel
700 1 _aJarma Orozco, Alfredo
942 _2ddc
_cBK
999 _c20860
_d20860